[Event "Barcelona Sants op 17th"]
[Site "Barcelona"]
[Date "2015.08.21"]
[Round "1"]
[White "Marches Rios, Juan Manuel"]
[Black "Vocaturo, Daniele"]
[Result "0-1"]
[WhiteElo "2107"]
[BlackElo "2578"]
[PlyCount "80"]
[EventDate "2015.08.21"]
[EventType "swiss"]
[EventRounds "10"]
[EventCountry "ESP"]
[SourceTitle "EXT 2016"]
[Source "ChessBase"]
[SourceDate "2015.10.08"]
[SourceVersion "1"]
[SourceVersionDate "2015.10.08"]
[SourceQuality "1"]

1. d4 Nf6 2. Nf3 e6 3. c4 d5 4. Nc3 Bb4 5. e3 0-0 6. Bd3 c5 7. 0-0 Nc6 8. a3 Bxc3 9. bxc3 Qc7 10. Bb2 Re8 11. Rc1 dxc4 12. Bxc4 b6 13. Re1 e5 14. Ng5 Nd8 15. Bb5 Re7 16. f3 a6 17. Bd3 c4 18. Bb1 Bb7 19. e4 h6 20. Nh3 Ne6 21. Qe2 b5 22. Qf2 Rd8 23. d5 Nc5 24. Rcd1 Na4 25. Qc2 Nd7 26. Bc1 Qd6 27. f4 Ndc5 28. Be3 Nd3 29. fxe5 Rxe5 30. Rxd3 cxd3 31. Qxd3 Qxa3 32. Bd4 Rdxd5 33. Qg3 Rxd4 34. cxd4 Qxg3 35. hxg3 Re8 36. Nf4 Nc3 37. e5 Rd8 38. e6 Nxb1 39. Rxb1 Rxd4 40. exf7+ Kxf7 0-1

[Event "Sant Adria de Besos op 08th"]
[Site "Sant Adria de Besos"]
[Date "2012.04.29"]
[Round "3"]
[White "Marches Rios, Juan Manuel"]
[Black "Barroso Quinones, Antonio"]
[Result "1-0"]
[WhiteElo "2102"]
[BlackElo "1874"]
[PlyCount "91"]
[EventDate "2012.04.15"]
[EventType "swiss"]
[EventRounds "9"]
[EventCountry "ESP"]
[SourceTitle "CBM 148 Extra"]
[Source "ChessBase"]
[SourceDate "2012.06.22"]
[SourceVersion "1"]
[SourceVersionDate "2012.06.22"]
[SourceQuality "1"]

1. d4 Nf6 2. Nf3 e6 3. Bg5 h6 4. Bh4 g5 5. Bg3 Nh5 6. e3 d6 7. Bd3 Nd7 8. Nbd2 Bg7 9. Qe2 Qe7 10. 0-0 a6 11. c3 b6 12. Be4 d5 13. Bd3 Nxg3 14. fxg3 e5 15. e4 exd4 16. Nxd4 Ne5 17. Nf5 Bxf5 18. exf5 Nxd3 19. Qxd3 0-0 20. Nb3 Qd6 21. Rad1 Rad8 22. Nd4 c5 23. f6 cxd4 24. fxg7 Rfe8 25. Qf3 Re7 26. Rxd4 Kxg7 27. Rxd5 Qxd5 28. Qf6+ Kg8 29. Qxe7 Qc5+ 30. Qxc5 bxc5 31. Rf6 Rd1+ 32. Kf2 Rd2+ 33. Kf3 Rxb2 34. Rxa6 Rc2 35. Rxh6 Rxc3+ 36. Kg4 Ra3 37. Kxg5 Rxa2 38. h4 Rxg2 39. g4 Kg7 40. Rc6 Rc2 41. h5 Rc4 42. h6+ Kg8 43. Rc8+ Kh7 44. Rf8 Rc1 45. Rxf7+ Kg8 46. Kg6 1-0

[Event "Barcelona Sant Marti op 1st"]
[Site "Barcelona"]
[Date "2012.03.08"]
[Round "7"]
[White "Marches Rios, Juan Manuel"]
[Black "Valarezo Ricard, Pedro"]
[Result "1/2-1/2"]
[WhiteElo "2102"]
[BlackElo "1880"]
[PlyCount "58"]
[EventDate "2012.01.26"]
[EventType "swiss"]
[EventRounds "9"]
[EventCountry "ESP"]
[SourceTitle "EXT 2013"]
[Source "ChessBase"]
[SourceDate "2012.11.22"]
[SourceVersion "1"]
[SourceVersionDate "2012.11.22"]
[SourceQuality "1"]

1. d4 Nf6 2. Nf3 c5 3. d5 b5 4. Bg5 Ne4 5. Bf4 Bb7 6. Qd3 f5 7. Nbd2 c4 8. Qd4 Na6 9. Nxe4 fxe4 10. Qxe4 Nb4 11. c3 Bxd5 12. Qb1 Nc6 13. e4 Bf7 14. Be2 h6 15. 0-0 g5 16. Be3 Bg7 17. Nd4 Nxd4 18. cxd4 Bg6 19. Qd1 0-0 20. f3 Qc7 21. Qd2 Rac8 22. Rac1 Kh7 23. a4 a6 24. axb5 axb5 25. Qb4 Qd6 26. Qxd6 exd6 27. Rfd1 Bf7 28. Bf2 d5 29. Be1 Rfe8 1/2-1/2

[Event "Maresme op 8th"]
[Site "Maresme"]
[Date "2011.11.12"]
[Round "8"]
[White "Marches Rios, Juan Manuel"]
[Black "Martin Villanova, Jordi"]
[Result "1-0"]
[WhiteElo "2106"]
[BlackElo "1927"]
[PlyCount "103"]
[EventDate "2011.09.24"]
[EventType "swiss"]
[EventRounds "9"]
[EventCountry "ESP"]
[SourceTitle "EXT 2013"]
[Source "ChessBase"]
[SourceDate "2012.11.22"]
[SourceVersion "1"]
[SourceVersionDate "2012.11.22"]
[SourceQuality "1"]

1. d4 e6 2. Nf3 d5 3. c4 f5 4. g3 Nf6 5. Bg2 Ne4 6. 0-0 c6 7. b3 Bd6 8. Ba3 Bxa3 9. Nxa3 Nd7 10. Nc2 0-0 11. Nb4 Qe7 12. Nd3 Nd6 13. Nfe5 Nxe5 14. dxe5 Ne4 15. Qc2 b6 16. cxd5 cxd5 17. b4 Ba6 18. Qb2 Bc4 19. Qd4 Rac8 20. Rfc1 Ba6 21. Nf4 Rc4 22. Rxc4 Bxc4 23. f3 Ng5 24. h4 Nf7 25. e4 Rd8 26. exf5 exf5 27. e6 Nh6 28. a3 Kf8 29. Re1 Ng8 30. Re5 Qf6 31. Bf1 Bxf1 32. e7+ Nxe7 33. Ne6+ Ke8 34. Nxd8 Kxd8 35. Kxf1 Qd6 36. f4 Qg6 37. Kf2 Kd7 38. b5 Qd6 39. Re3 g6 40. Rc3 Qe6 41. Qg7 Qe4 42. Re3 Qc2+ 43. Re2 Qc5+ 44. Kg2 d4 45. Rd2 Qd5+ 46. Kh2 d3 47. Qc3 Qxb5 48. Rxd3+ Ke6 49. Re3+ Kf7 50. Qh8 Qc5 51. Qxh7+ Kf8 52. Qh8+ 1-0

[Event "Barcelona Sant Marti op 13th"]
[Site "Barcelona"]
[Date "2011.07.20"]
[Round "8"]
[White "Rojas Keim, Luis Alberto"]
[Black "Marches Rios, Juan Manuel"]
[Result "0-1"]
[WhiteElo "2438"]
[BlackElo "2086"]
[PlyCount "100"]
[EventDate "2011.07.13"]
[EventType "swiss"]
[EventRounds "9"]
[EventCountry "ESP"]
[SourceTitle "CBM 143 Extra"]
[Source "ChessBase"]
[SourceDate "2011.08.29"]
[SourceVersion "1"]
[SourceVersionDate "2011.08.29"]
[SourceQuality "1"]

1. d4 d5 2. Nf3 Nf6 3. c4 c6 4. Nc3 e6 5. Bg5 h6 6. Bxf6 Qxf6 7. e3 Nd7 8. Bd3 g6 9. 0-0 Bg7 10. e4 dxe4 11. Nxe4 Qf4 12. g3 Qc7 13. Rc1 0-0 14. Qe2 e5 15. d5 f5 16. Nc3 e4 17. Nxe4 fxe4 18. Bxe4 Nc5 19. Nh4 Nxe4 20. Qxe4 Bf5 21. Nxf5 Rxf5 22. Rc2 Qe5 23. Qg4 Qf6 24. dxc6 Qxc6 25. Re1 Re8 26. Rxe8+ Qxe8 27. Re2 Re5 28. Rxe5 Bxe5 29. Qe4 Qe6 30. Qxb7 Bd4 31. Qb8+ Kg7 32. Qc7+ Qf7 33. Qxf7+ Kxf7 34. b3 Ke6 35. Kf1 Ke5 36. Ke2 Bc5 37. h4 Ke4 38. f3+ Kd4 39. Kd2 Bb4+ 40. Ke2 Bd6 41. f4 Ke4 42. Kf2 h5 43. Kg2 Bc5 44. Kh3 Kf3 45. Kh2 Bf2 46. b4 Bxg3+ 47. Kh3 Bxf4 48. c5 Ke4 49. b5 Kd5 50. c6 Kc5 0-1

[Event "Collado Villalba op-A 27th"]
[Site "Collado Villalba"]
[Date "2010.08.20"]
[Round "1"]
[White "Marches Rios, Juan Manuel"]
[Black "Kempinski, Robert"]
[Result "0-1"]
[WhiteElo "2138"]
[BlackElo "2612"]
[PlyCount "62"]
[EventDate "2010.08.20"]
[EventType "swiss"]
[EventRounds "10"]
[EventCountry "ESP"]
[SourceTitle "CBM 138 Extra"]
[Source "ChessBase"]
[SourceDate "2010.10.29"]
[SourceVersion "1"]
[SourceVersionDate "2010.10.29"]
[SourceQuality "1"]

1. d4 Nf6 2. c4 g6 3. Nc3 Bg7 4. e4 0-0 5. f4 c5 6. d5 d6 7. Nf3 Bg4 8. h3 Bxf3 9. Qxf3 e6 10. dxe6 fxe6 11. Bd3 Nc6 12. 0-0 Nd4 13. Qf2 a6 14. Be3 b5 15. cxb5 axb5 16. e5 dxe5 17. Nxb5 Nd5 18. Nxd4 cxd4 19. Bd2 exf4 20. Qf3 Qb6 21. Rfb1 Kh8 22. a4 Nb4 23. a5 Qd6 24. Be4 Ra6 25. Ra4 Nc6 26. Qe2 Ra7 27. Qb5 Rc7 28. a6 f3 29. Bxc6 Rxc6 30. a7 Qg3 31. Qg5 f2+ 0-1

[Event "Alella op"]
[Site "Alella"]
[Date "2010.08.19"]
[Round "9"]
[White "Marches Rios, Juan Manuel"]
[Black "Ortega Serra, Marc"]
[Result "0-1"]
[WhiteElo "2138"]
[BlackElo "2223"]
[PlyCount "92"]
[EventDate "2010.08.11"]
[EventType "swiss"]
[EventRounds "9"]
[EventCountry "ESP"]
[SourceTitle "CBM 138 Extra"]
[Source "ChessBase"]
[SourceDate "2010.10.29"]
[SourceVersion "1"]
[SourceVersionDate "2010.10.29"]
[SourceQuality "1"]

1. d4 Nf6 2. c4 e6 3. Nf3 d5 4. g3 Bb4+ 5. Bd2 Qe7 6. Nc3 0-0 7. Bg2 Rd8 8. 0-0 Nc6 9. a3 Bxc3 10. Bxc3 Ne4 11. Qc2 a5 12. Rfd1 a4 13. Rac1 Qf6 14. Be1 Bd7 15. Qd3 Ra6 16. Ne5 Qf5 17. Nxd7 Rxd7 18. cxd5 exd5 19. f3 Nd6 20. Qxf5 Nxf5 21. Bh3 Ncxd4 22. e4 Ne2+ 23. Kf2 Nxc1 24. Bxf5 Re7 25. Rxc1 g6 26. Bc8 dxe4 27. Bb4 Re8 28. Bxb7 Rf6 29. f4 e3+ 30. Ke2 g5 31. Rc4 Rh6 32. h4 gxh4 33. g4 h3 34. g5 Rh4 35. Be1 Rg4 36. Bb4 h2 37. Rc1 Rg1 38. Re1 h6 39. Bc3 hxg5 40. fxg5 Kh7 41. Bf3 Kg6 42. Rf1 Re6 43. Bd5 Rxf1 44. Kxf1 e2+ 45. Ke1 Kf5 46. Bh1 Re3 0-1

[Event "Llobregat op 2nd"]
[Site "Llobregat"]
[Date "2009.12.28"]
[Round "2"]
[White "Shatko, Danil"]
[Black "Marches Rios, Juan Manuel"]
[Result "1/2-1/2"]
[WhiteElo "1936"]
[BlackElo "2224"]
[PlyCount "38"]
[EventDate "2009.12.27"]
[EventType "swiss"]
[EventRounds "7"]
[EventCountry "ESP"]
[SourceTitle "CBM 134 Extra"]
[Source "ChessBase"]
[SourceDate "2010.03.03"]
[SourceVersion "1"]
[SourceVersionDate "2010.03.03"]
[SourceQuality "1"]

1. d4 d5 2. c4 e6 3. Nc3 Nf6 4. cxd5 exd5 5. Bg5 c6 6. e3 Bf5 7. Bd3 Bxd3 8. Qxd3 Be7 9. Nge2 Nbd7 10. 0-0 0-0 11. f3 c5 12. dxc5 Nxc5 13. Qd2 Qb6 14. Rab1 Nfe4 15. fxe4 Bxg5 16. Nxd5 Nxe4 17. Qd3 Qa6 18. Qxe4 Qxe2 19. Rf2 Qh5 1/2-1/2

[Event "Catalunya Festival-A"]
[Site "Mataro"]
[Date "2004.09.06"]
[Round "1"]
[White "Granados Gomez, Manuel"]
[Black "Marches Rios, Juan Manuel"]
[Result "1-0"]
[WhiteElo "2426"]
[BlackElo "2271"]
[PlyCount "63"]
[EventDate "2004.09.09"]
[EventType "tourn"]
[EventRounds "9"]
[EventCountry "ESP"]
[EventCategory "4"]
[SourceTitle "EXT 2005"]
[Source "ChessBase"]
[SourceDate "2004.11.15"]
[SourceVersion "1"]
[SourceVersionDate "2004.11.15"]
[SourceQuality "1"]

1. d4 d5 2. c4 e6 3. Nc3 Nf6 4. cxd5 exd5 5. Bg5 Be7 6. e3 0-0 7. Bd3 Nbd7 8. Nge2 c6 9. Qc2 Re8 10. 0-0 Nf8 11. Rad1 Nh5 12. Bxe7 Qxe7 13. Kh1 g6 14. Ng1 Ng7 15. e4 dxe4 16. Bxe4 Bf5 17. Rfe1 Qc7 18. Nf3 Qf4 19. Bxf5 Nxf5 20. Rxe8 Rxe8 21. d5 Qc4 22. Nd2 Re2 23. Qc1 Qg4 24. Nxe2 Qxe2 25. dxc6 bxc6 26. Re1 Qxf2 27. Ne4 Qh4 28. g3 Qh3 29. Qc3 Ne6 30. g4 Qxc3 31. bxc3 Ne7 32. Ng5 1-0

[Event "Badalona op-A 10th"]
[Site "Barcelona"]
[Date "2002.??.??"]
[Round "4"]
[White "Rodriguez Regull, German"]
[Black "Marches Rios, Juan Manuel"]
[Result "0-1"]
[WhiteElo "2135"]
[BlackElo "2218"]
[PlyCount "94"]
[EventDate "2002.04.21"]
[EventType "swiss"]
[EventRounds "9"]
[EventCountry "ESP"]
[SourceTitle "CBM 088 Extra"]
[Source "ChessBase"]
[SourceDate "2002.07.01"]
[SourceVersion "2"]
[SourceVersionDate "2002.07.01"]
[SourceQuality "1"]

1. e4 e5 2. Nf3 Nf6 3. Nxe5 Nxe4 4. Qe2 Qe7 5. Qxe4 d6 6. d4 dxe5 7. Qxe5 Qxe5+ 8. dxe5 Bf5 9. c3 Nd7 10. f4 0-0-0 11. Be3 Re8 12. Kf2 f6 13. e6 Nc5 14. Nd2 Nxe6 15. b4 Bd6 16. g3 g5 17. Nc4 Bf8 18. Bg2 gxf4 19. gxf4 Bh6 20. Na5 c6 21. b5 Nxf4 22. Bxf4 Bxf4 23. Rae1 Bc7 24. Rxe8+ Rxe8 25. Nxb7 Bb6+ 26. Kg3 Rg8+ 27. Kf4 Rxg2 28. Nd6+ Kc7 29. Nxf5 cxb5 30. h4 Rxa2 31. Re1 Bc5 32. Re6 Rf2+ 33. Kg4 h5+ 34. Kxh5 Rxf5+ 35. Kg6 Rf3 36. h5 Rxc3 37. h6 f5 38. h7 Rh3 39. Re5 Kd6 40. Rxf5 b4 41. Rf4 b3 42. Rf3 Rxh7 43. Kxh7 b2 44. Rb3 Bd4 45. Kg6 a5 46. Kf5 a4 47. Rb8 a3 0-1

[Event "Catalunya-chA"]
[Site "Spain"]
[Date "1996.10.27"]
[Round "4"]
[White "Belles Bulta, Josep"]
[Black "Marches Rios, Juan Manuel"]
[Result "1/2-1/2"]
[WhiteElo "2105"]
[BlackElo "2175"]
[PlyCount "28"]
[EventDate "1997.??.??"]
[EventType "swiss"]
[EventRounds "8"]
[EventCountry "ESP"]
[SourceTitle "EXT 2003"]
[Source "ChessBase"]
[SourceDate "2002.11.25"]
[SourceVersion "1"]
[SourceVersionDate "2002.11.25"]
[SourceQuality "1"]

1. e4 e5 2. Nf3 Nf6 3. Nxe5 d6 4. Nf3 Nxe4 5. d4 d5 6. Bd3 Nc6 7. 0-0 Bg4 8. c4 Be7 9. cxd5 Qxd5 10. Re1 Nf6 11. Nc3 Bxf3 12. Nxd5 Bxd1 13. Nxe7 Nxe7 14. Rxd1 Nfd5 1/2-1/2